[Event "World Blitz 2015"]
[Site "Berlin GER"]
[Date "2015.10.13"]
[Round "8.73"]
[White "Agrest, Evgenij"]
[Black "Hasangatin, Ramil"]
[Result "1/2-1/2"]
[WhiteTitle "GM"]
[BlackTitle "GM"]
[WhiteElo "2596"]
[BlackElo "2509"]
[WhiteFideId "1705024"]
[BlackFideId "4122160"]
[EventDate "2015.10.13"]

1. c4 e5 2. Nc3 Nf6 3. Nf3 Nc6 4. g3 Bb4 5. Nd5 Bd6 6. Bg2 Nxd5 7. cxd5 Nd4 8.
Nxd4 exd4 9. Qa4 Bc5 10. O-O O-O 11. e3 d6 12. b4 Bb6 13. Bb2 Bd7 14. Qb3 a5 15.
a3 Bb5 16. Rfe1 axb4 17. Qxb4 Qd7 18. Bxd4 Ra4 19. Bh3 Rxb4 20. Bxd7 Rxd4 21.
Bxb5 Rxd5 22. a4 Rxd2 23. a5 Bc5 24. Reb1 Ra8 25. Bf1 Ra7 26. Bg2 d5 27. Rb5 b6
28. a6 d4 29. Bf1 dxe3 30. fxe3 Bxe3+ 31. Kh1 Bc5 32. Rb3 g6 33. Re1 Kg7 34. Re8
Ra2 35. Rc8 Bd6 36. Rf3 R2xa6 37. Bxa6 Rxa6 38. Rd8 f5 39. Rd7+ Kf6 40. Rxh7 b5
41. Rh8 Rb6 42. Rb3 b4 43. Rc8 c5 44. Kg2 Ke5 45. Kf3 Kd4 46. Rb1 b3 47. Rd8 b2
48. Rxb2 Rxb2 49. Rxd6+ Ke5 50. Rxg6 Rxh2 51. Rc6 Kd4 52. Rf6 Rh5 53. Kf4 c4 54.
Rd6+ Kc5 55. Rd8 c3 56. Ke3 Kc4 57. Rc8+ Kb4 58. Kd3 Rg5 59. Rc4+ Kb5 60. Rf4
Rxg3+ 61. Kc2 Rg5 62. Kxc3 Kc5 63. Kd3 Kd5 64. Ke3 Ke5 65. Ra4 Rg8 66. Kf3 Rb8
67. Ra5+ Kf6 68. Ra7 Rb3+ 69. Kf2 Kg5 70. Ra4 f4 71. Ra8 1/2-1/2

[Event "World Blitz 2015"]
[Site "Berlin GER"]
[Date "2015.10.13"]
[Round "8.75"]
[White "Lagarde, Maxime"]
[Black "Kunin, Vitaly"]
[Result "1/2-1/2"]
[WhiteTitle "GM"]
[BlackTitle "GM"]
[WhiteElo "2550"]
[BlackElo "2556"]
[WhiteFideId "662399"]
[BlackFideId "4128737"]
[EventDate "2015.10.13"]

1. e4 d6 2. d4 Nf6 3. Nc3 Nbd7 4. Nf3 e5 5. Bc4 Be7 6. a4 O-O 7. O-O c6 8. a5
Qc7 9. Qe2 h6 10. Rd1 Re8 11. dxe5 dxe5 12. Nh4 Nf8 13. Nf5 Be6 14. h3 Kh7 15.
Bxe6 Nxe6 16. Be3 Bf8 17. Qf3 Ng8 18. Rd2 g6 19. Ng3 Bc5 20. Bxc5 Nxc5 21. b4
Ne6 22. Nge2 Kg7 23. Qe3 Ne7 24. Rad1 Red8 25. Rxd8 Nxd8 26. Na4 Ne6 27. Nc5
Nxc5 28. Qxc5 b6 29. Qc3 bxa5 30. bxa5 Rb8 31. Nf4 Rb5 32. Nd3 Qxa5 33. Qc4 Qb6
34. Kh2 h5 35. Re1 Nc8 36. Ra1 a5 37. Qc3 Qc7 38. f4 f6 39. fxe5 fxe5 40. Rf1
Nd6 41. Qe1 Qe7 42. Qe3 Rb8 43. Nc5 Re8 44. Qc3 Nf7 45. Nd3 Qe6 46. Nc5 Qd6 47.
Nd3 a4 48. Qc4 Re7 49. Qxa4 Qe6 50. Qa1 Nd6 51. Qe1 Rf7 52. Rxf7+ Nxf7 53. Qg3
Qf6 54. Qe3 Nd6 55. g3 Kh7 56. Kg2 Kg7 57. h4 Nf7 58. Nf2 Qe6 59. Qd3 Qd6 60.
Qc3 Qf6 61. Nd3 Qe6 62. Qc5 Qf6 63. Qe3 Qd6 64. c4 Qe6 65. c5 Qa2+ 66. Kh3 Qe6+
67. Kg2 Qa2+ 68. Kf3 Qe6 69. Kg2 Qa2+ 1/2-1/2

[Event "World Blitz 2015"]
[Site "Berlin GER"]
[Date "2015.10.13"]
[Round "8.76"]
[White "Maze, Sebastien"]
[Black "Piorun, Kacper"]
[Result "1-0"]
[WhiteTitle "GM"]
[BlackTitle "GM"]
[WhiteElo "2582"]
[BlackElo "2609"]
[WhiteFideId "613762"]
[BlackFideId "1130420"]
[EventDate "2015.10.13"]

1. Nf3 d5 2. g3 Nc6 3. d4 Bg4 4. Bg2 e6 5. O-O Bd6 6. c4 dxc4 7. Nbd2 Nge7 8.
Nxc4 O-O 9. Nxd6 cxd6 10. h3 Bh5 11. g4 Bg6 12. Nh4 d5 13. Nxg6 Nxg6 14. e3 Nh4
15. Bh1 f5 16. f4 Qe7 17. Bd2 Rfc8 18. Rc1 Nd8 19. Qb3 Nf7 20. Bb4 Qf6 21. Qd3
g5 22. gxf5 Nxf5 23. Bc3 gxf4 24. Rxf4 Kh8 25. Kh2 Rg8 26. e4 Qg5 27. Rcf1 Ng3
28. Rxf7 Nxf1+ 29. Rxf1 Raf8 30. Be1 Rxf1 31. Qxf1 Qe7 32. Bg3 Rf8 33. Be5+ Kg8
34. Qg2+ Kf7 35. exd5 Ke8 36. dxe6 Qxe6 37. Qxb7 Rf2+ 38. Kg3 Qf5 39. Bc6+ Kf8
40. Qg7# 1-0

[Event "World Blitz 2015"]
[Site "Berlin GER"]
[Date "2015.10.13"]
[Round "8.77"]
[White "Sanal, Vahap"]
[Black "Berend, Elvira"]
[Result "1-0"]
[WhiteTitle "IM"]
[BlackTitle "WGM"]
[WhiteElo "2501"]
[BlackElo "2370"]
[WhiteFideId "6300545"]
[BlackFideId "4000510"]
[EventDate "2015.10.13"]

1. e4 e5 2. Nf3 Nc6 3. Bb5 Nf6 4. d3 Bc5 5. Bxc6 dxc6 6. Nbd2 O-O 7. O-O Nd7 8.
b3 Qe7 9. Bb2 a5 10. a4 f6 11. Nc4 Nb6 12. Ne3 Bxe3 13. fxe3 c5 14. Nh4 Be6 15.
Qf3 Rad8 16. Nf5 Bxf5 17. Qxf5 Qd7 18. Ba3 Qc6 19. Rf3 Rf7 20. Raf1 Nc8 21. Rh3
g6 22. Qg4 Ne7 23. Rhf3 b6 24. Bb2 Rdf8 25. h4 Qe8 26. Qe6 Qc8 27. Qc4 Kg7 28.
Rg3 Qd7 29. h5 Nc8 30. Qc3 Nd6 31. Qe1 Qe6 32. Rff3 g5 33. Rf1 h6 34. Qe2 Kh7
35. Rg4 f5 36. exf5 Rxf5 37. Rxf5 Qxf5 38. e4 Qe6 39. Rg3 Ne8 40. Rf3 Rxf3 41.
Qxf3 Nf6 42. Qg3 Nd7 43. Bc3 Qf6 44. Qg4 Qf7 45. g3 Kg8 46. Kg2 Kh7 47. Qf5+
Qxf5 48. exf5 Kg7 49. Kf3 Kf6 50. Ke4 c6 51. g4 c4 52. dxc4 Nc5+ 53. Ke3 Nd7 54.
Bb2 Nc5 55. Ba3 Nd7 56. Bd6 Kf7 57. Ke4 Nf6+ 58. Kf3 e4+ 59. Kg3 Nd7 60. Bc7 Kf6
61. Kf2 Kf7 62. Ke3 Nf6 63. Bxb6 Nxg4+ 64. Kxe4 Nf6+ 65. Kf3 Nxh5 66. b4 Nf6 67.
bxa5 g4+ 68. Kf4 Nd7 69. c5 h5 70. a6 1-0

[Event "World Blitz 2015"]
[Site "Berlin GER"]
[Date "2015.10.13"]
[Round "8.78"]
[White "Przybylski, Wojciech"]
[Black "Mikhalevski, Victor"]
[Result "0-1"]
[WhiteTitle "FM"]
[BlackTitle "GM"]
[WhiteElo "2354"]
[BlackElo "2536"]
[WhiteFideId "1117599"]
[BlackFideId "2801914"]
[EventDate "2015.10.13"]

1. e4 e5 2. Nf3 Nc6 3. Bb5 a6 4. Ba4 g6 5. O-O Bg7 6. Re1 Nge7 7. c3 O-O 8. h3
d6 9. d4 b5 10. Bb3 exd4 11. cxd4 Na5 12. Bc2 c5 13. Be3 Nc4 14. Bc1 cxd4 15. a4
d3 16. Bxd3 Bxb2 17. Ra2 Bxc1 18. Qxc1 Be6 19. axb5 Ne5 20. Ra3 Nxf3+ 21. gxf3
axb5 22. Bxb5 Rxa3 23. Qxa3 Bxh3 24. Rd1 Qb6 25. Nc3 Rc8 26. Be2 Qc5 27. Qxc5
Rxc5 28. Nb5 d5 29. Nd4 dxe4 30. fxe4 g5 31. f3 Ng6 32. Kf2 Kg7 33. Ra1 Rc7 34.
Ra5 h6 35. Ke3 Nf4 36. Bd3 Rc3 37. Ra7 Rxd3+ 38. Kf2 Rxd4 39. e5 Be6 40. Kg3 h5
41. Kf2 h4 42. Ke3 Rd5 43. Kf2 Rxe5 44. Kg1 Re2 45. Kf1 Rb2 46. Kg1 h3 47. Kh1
Nd3 48. f4 Bd5+ 49. Kg1 h2+ 0-1

[Event "World Blitz 2015"]
[Site "Berlin GER"]
[Date "2015.10.13"]
[Round "8.80"]
[White "Tari, Aryan"]
[Black "Petursson, Margeir"]
[Result "1/2-1/2"]
[WhiteTitle "IM"]
[BlackTitle "GM"]
[WhiteElo "2521"]
[BlackElo "2520"]
[WhiteFideId "1510045"]
[BlackFideId "2300028"]
[EventDate "2015.10.13"]

1. c4 e5 2. Nc3 Nf6 3. Nf3 Nc6 4. g3 d5 5. cxd5 Nxd5 6. Bg2 Nb6 7. Rb1 Be7 8. b4
a6 9. a4 f6 10. a5 Nc4 11. d3 Nd6 12. Nd2 O-O 13. Nd5 Be6 14. O-O Nb5 15. Nxe7+
Qxe7 16. Bb2 Rad8 17. Bxc6 bxc6 18. Ba1 c5 19. bxc5 Qxc5 20. Qc1 Qd5 21. Qc4 Qd6
22. Qa4 Kh8 23. Rfc1 f5 24. Nc4 Bxc4 25. dxc4 Nd4 26. Bxd4 exd4 27. c5 Qd5 28.
Qc2 f4 29. Qd3 f3 30. Qxa6 Ra8 31. Qd3 fxe2 32. Qxe2 Rxa5 33. c6 Ra2 34. Rb2 d3
35. Qe7 Raa8 36. Rd2 Qd4 37. Rcd1 h6 38. Qxc7 Rac8 39. Qd7 Qc4 40. Rxd3 Qxc6 41.
Qg4 Qf6 42. R3d2 Rce8 43. h4 Re5 44. Rc2 Rf5 45. Rf1 Re5 46. Rd2 Re7 47. Qd4
Qxd4 48. Rxd4 Re2 49. Kg2 Kh7 50. Rd3 Rf7 51. Rf3 Rxf3 52. Kxf3 Ra2 53. h5 Ra5
54. g4 Ra4 55. Rd1 Rb4 56. Rd7 Ra4 57. Kg3 Rb4 58. Rc7 Rd4 59. Rb7 Rc4 60. f4
Rc3+ 61. Kh4 Ra3 62. g5 hxg5+ 63. fxg5 Ra4+ 64. Kg3 Ra5 65. Kg4 Ra4+ 66. Kf5
Ra5+ 67. Kf4 Ra4+ 68. Kf3 Ra5 69. Kg4 Ra4+ 70. Kg3 Ra3+ 71. Kf4 Ra4+ 72. Kf3
Ra3+ 73. Ke4 Ra4+ 74. Kf3 Ra3+ 75. Kg2 Ra5 76. Kh3 Rxg5 77. Kh4 Rg1 78. Rb6 Rh1+
79. Kg5 Rg1+ 80. Kh4 1/2-1/2

[Event "World Blitz 2015"]
[Site "Berlin GER"]
[Date "2015.10.13"]
[Round "8.81"]
[White "Fedorchuk, Sergey A."]
[Black "Rabiega, Robert"]
[Result "1-0"]
[WhiteTitle "GM"]
[BlackTitle "GM"]
[WhiteElo "2635"]
[BlackElo "2503"]
[WhiteFideId "14102536"]
[BlackFideId "4601475"]
[EventDate "2015.10.13"]

1. e4 e5 2. Nf3 Nf6 3. Nxe5 d6 4. Nf3 Nxe4 5. Nc3 Nxc3 6. dxc3 Be7 7. Be3 O-O 8.
Qd2 Nd7 9. O-O-O Re8 10. Kb1 Nf6 11. Bd3 d5 12. Ng5 c5 13. h4 h6 14. f3 c4 15.
Be2 hxg5 16. hxg5 Nh7 17. Rh5 Bf5 18. Rdh1 Bg6 19. R5h3 Bd6 20. f4 Qe7 21. Bg4
f5 22. Bf3 Qf7 23. Bxd5 Re6 24. Bxc4 Rae8 25. a4 a6 26. Bd4 b5 27. axb5 axb5 28.
Bxb5 Rc8 29. Ba4 Rb8 30. Bb3 Rxb3 31. cxb3 Re4 32. Be5 Bxe5 33. Qd8+ Qf8 34.
Qxf8+ Nxf8 35. fxe5 Rxe5 36. b4 f4+ 37. Ka2 Rxg5 38. Rf1 Ne6 39. Re1 Kf7 40. Rh2
Rd5 41. Kb3 Rd2 42. Rf1 Be4 43. Rh5 g5 44. Rh6 Bxg2 45. Re1 Ng7 46. Ra6 f3 47.
Ra7+ Kf6 48. Ree7 Ne6 49. Rf7+ Kg6 50. Rae7 Re2 51. b5 f2 52. Rxf2 Bd5+ 53. c4
Nd4+ 54. Kc3 Nxb5+ 55. cxb5 Rxe7 56. Kd4 Bf7 57. Kc5 g4 58. b6 Re5+ 59. Kc6 Bd5+
60. Kd6 Rg5 61. Rd2 Bf3 62. Rd3 Be4 63. Re3 Bh1 64. b3 1-0

[Event "World Blitz 2015"]
[Site "Berlin GER"]
[Date "2015.10.13"]
[Round "8.82"]
[White "Rasmussen, Allan Stig"]
[Black "Thiede, Lars"]
[Result "1-0"]
[WhiteTitle "GM"]
[BlackTitle "IM"]
[WhiteElo "2498"]
[BlackElo "2437"]
[WhiteFideId "1406000"]
[BlackFideId "4607759"]
[EventDate "2015.10.13"]

1. e4 g6 2. d4 Bg7 3. Nc3 d6 4. Be3 a6 5. h4 Nf6 6. f3 b5 7. Qd2 h5 8. Nh3 Bxh3
9. Rxh3 Nbd7 10. a4 c6 11. Be2 O-O 12. Nd1 c5 13. d5 Ne5 14. Bg5 Qb6 15. Ne3 c4
16. a5 Qa7 17. Rh1 Rac8 18. Nd1 Rfd8 19. Be3 Qb7 20. Nf2 e6 21. dxe6 fxe6 22. f4
Nf7 23. Bf3 d5 24. exd5 exd5 25. Bd4 Nh6 26. O-O-O Kh7 27. Kb1 Nf5 28. Be5 b4
29. g4 hxg4 30. Nxg4 Nh5 31. Bxd5 Qb5 32. Qg2 c3 33. Bxg7 Nhxg7 34. Ne5 Rd6 35.
h5 gxh5 36. Be4 Rxd1+ 37. Rxd1 Qe8 38. Qg5 Qe6 39. Rd7 Kh8 40. Bxf5 Nxf5 41.
Ng6+ Kg8 42. Ne7+ Kf7 43. Nxf5+ Qxd7 44. Qg7+ Ke6 45. Qg6+ Kd5 46. Ne3+ 1-0

[Event "World Blitz 2015"]
[Site "Berlin GER"]
[Date "2015.10.13"]
[Round "8.83"]
[White "Valdes Romero, Leonardo"]
[Black "Naumann, Alexander"]
[Result "0-1"]
[WhiteTitle "IM"]
[BlackTitle "GM"]
[WhiteElo "2362"]
[BlackElo "2545"]
[WhiteFideId "6500331"]
[BlackFideId "4623169"]
[EventDate "2015.10.13"]

1. Nf3 d5 2. g3 g6 3. Bg2 Bg7 4. c4 c6 5. O-O Nf6 6. d4 O-O 7. Qb3 Qb6 8. Nc3
Rd8 9. Rd1 Be6 10. Ng5 Bf5 11. Qxb6 axb6 12. cxd5 cxd5 13. Bf4 Na6 14. a3 Rac8
15. Rac1 h6 16. Nf3 g5 17. Be5 Ne4 18. Bxg7 Kxg7 19. Nb5 f6 20. Ne1 Nb8 21. Na7
Rc4 22. b3 Rxc1 23. Rxc1 Na6 24. e3 Kf7 25. Bf1 Nd2 26. b4 Nxf1 27. Kxf1 Ra8 28.
Nb5 Bd7 29. Nc3 Nc7 30. Nb1 Nb5 31. Rc2 Bf5 32. Rb2 Bxb1 33. Rxb1 Rxa3 34. Nf3
Ra2 35. Ne1 Nc3 36. Rc1 Ne4 37. Rc7 Rxf2+ 38. Kg1 Re2 39. Ng2 Rb2 40. Rxb7 Rb1+
41. Ne1 Rxe1+ 42. Kg2 Rxe3 43. Rxb6 Rb3 44. b5 Nc3 45. Rb8 Rxb5 46. Rh8 Kg7 47.
Re8 Rb7 48. Kf3 Ne4 49. Kg4 Nd6 50. Ra8 Rb4 51. h4 gxh4 52. gxh4 Rxd4+ 53. Kh5
Ne4 54. Kg4 h5+ 55. Kf5 Kf7 0-1

[Event "World Blitz 2015"]
[Site "Berlin GER"]
[Date "2015.10.13"]
[Round "8.84"]
[White "Pham, Le Thao Nguyen"]
[Black "Olafsson, Helgi"]
[Result "1-0"]
[WhiteTitle "IM"]
[BlackTitle "GM"]
[WhiteElo "2319"]
[BlackElo "2549"]
[WhiteFideId "12401226"]
[BlackFideId "2300010"]
[EventDate "2015.10.13"]

1. d4 e6 2. Nf3 c5 3. c3 b6 4. g3 Bb7 5. Bg2 Nf6 6. O-O Be7 7. Re1 O-O 8. Nbd2
d5 9. Ne5 Nc6 10. Ndf3 Ne4 11. Be3 Rc8 12. Rc1 Nd6 13. Nxc6 Bxc6 14. Nd2 Nf5 15.
Nf1 Qd7 16. Qd2 a5 17. a3 Nd6 18. Rb1 Nc4 19. Qd1 a4 20. Bf4 f6 21. Nd2 Na5 22.
e4 cxd4 23. cxd4 dxe4 24. Nxe4 Nb3 25. Be3 Rfd8 26. Qh5 Qe8 27. Qh3 Qf7 28. Rbd1
Bf8 29. Nc3 Bxg2 30. Qxg2 Qd7 31. d5 e5 32. Bxb6 Re8 33. d6 Bxd6 34. Qd5+ Re6
35. Nxa4 Qf7 36. Qxb3 1-0

[Event "World Blitz 2015"]
[Site "Berlin GER"]
[Date "2015.10.13"]
[Round "8.85"]
[White "Richter, Michael"]
[Black "Carlstedt, Jonathan"]
[Result "0-1"]
[WhiteTitle "GM"]
[BlackTitle "IM"]
[WhiteElo "2517"]
[BlackElo "2442"]
[WhiteFideId "4618920"]
[BlackFideId "24614386"]
[EventDate "2015.10.13"]

1. d4 d5 2. c4 e6 3. Nc3 c5 4. Nf3 Nc6 5. e3 Nf6 6. a3 cxd4 7. exd4 g6 8. Bf4
Bg7 9. c5 O-O 10. Be2 Ne4 11. O-O h6 12. Rc1 g5 13. Bg3 g4 14. Ne5 Nxg3 15. hxg3
Nxe5 16. dxe5 Bxe5 17. Bxg4 Bd7 18. Re1 Bg7 19. Be2 Bc6 20. Bf3 a5 21. Qe2 Qg5
22. Nb5 e5 23. Nc7 Rad8 24. Qc2 e4 25. Be2 d4 26. Rcd1 d3 27. Bxd3 exd3 28. Rxd3
Qg6 29. Rd2 Qxc2 30. Rxc2 a4 31. Rce2 Rc8 32. Re7 Bf6 33. Nd5 Bxd5 0-1

[Event "World Blitz 2015"]
[Site "Berlin GER"]
[Date "2015.10.13"]
[Round "8.86"]
[White "Seel, Christian"]
[Black "Cordeiro, Marco Aurelio Zaror"]
[Result "1-0"]
[WhiteTitle "IM"]
[WhiteElo "2474"]
[BlackElo "2228"]
[WhiteFideId "4663098"]
[BlackFideId "2117991"]
[EventDate "2015.10.13"]

1. Nf3 Nf6 2. c4 g6 3. Nc3 Bg7 4. e4 d6 5. d4 O-O 6. Be2 e5 7. dxe5 dxe5 8. Qxd8
Rxd8 9. Bg5 Re8 10. Nd5 Nxd5 11. cxd5 h6 12. Be3 c6 13. Bc4 cxd5 14. Bxd5 Nc6
15. O-O-O Be6 16. Bxe6 Rxe6 17. Rd7 Rc8 18. Kb1 b6 19. Rc1 Ree8 20. Rd6 Nb4 21.
Rxc8 Rxc8 22. Rd7 Nc6 23. a3 Rd8 24. Rc7 Rd6 25. Rc8+ Kh7 26. Kc2 Nd4+ 27. Bxd4
exd4 28. Kd3 Rd7 29. Nd2 f5 30. f3 Be5 31. g3 Kg7 32. f4 Bf6 33. e5 Be7 34. Nf3
Bf8 35. b4 a5 36. e6 Rd6 37. Nxd4 Be7 38. Kc4 axb4 39. axb4 Bf6 40. Rc7+ Kg8 41.
Rd7 Rxd7 42. exd7 Kf7 43. Nc6 1-0

[Event "World Blitz 2015"]
[Site "Berlin GER"]
[Date "2015.10.13"]
[Round "8.87"]
[White "Sawlin, Leonid"]
[Black "Pavlovic, Milos"]
[Result "0-1"]
[BlackTitle "GM"]
[WhiteElo "2258"]
[BlackElo "2481"]
[WhiteFideId "4689542"]
[BlackFideId "900389"]
[EventDate "2015.10.13"]

1. e4 c5 2. Nf3 Nc6 3. d4 cxd4 4. Nxd4 g6 5. c4 Bg7 6. Be3 Nf6 7. Nc3 O-O 8. Be2
d6 9. O-O Bd7 10. Nc2 a5 11. Qd2 Nb4 12. Nd4 Na6 13. b3 a4 14. f3 Re8 15. Nc2
Qa5 16. Rfb1 axb3 17. axb3 Qc7 18. b4 Be6 19. Nb5 Qc8 20. Ncd4 Bd7 21. Nc3 Nc7
22. Bf1 Ne6 23. Nb3 h5 24. Rxa8 Qxa8 25. Ra1 Qb8 26. Bb6 Kh7 27. Nd5 Nxd5 28.
exd5 Bh6 29. Be3 Bxe3+ 30. Qxe3 Ng7 31. Qb6 e6 32. Ra7 exd5 33. cxd5 Nf5 34.
Rxb7 Qc8 35. Rc7 Qd8 36. Na5 Re1 37. Kf2 Ra1 38. Qb7 Qh4+ 39. g3 Qxh2+ 40. Bg2
Ra2+ 41. Ke1 Qg1+ 42. Bf1 Qf2+ 0-1

[Event "World Blitz 2015"]
[Site "Berlin GER"]
[Date "2015.10.13"]
[Round "8.88"]
[White "Polzin, Rainer"]
[Black "Thornton, Giovanni Antonio"]
[Result "1-0"]
[WhiteTitle "GM"]
[WhiteElo "2416"]
[BlackElo "2207"]
[WhiteFideId "4610741"]
[BlackFideId "4300963"]
[EventDate "2015.10.13"]

1. e4 e6 2. d4 d5 3. Nc3 Bb4 4. e5 c5 5. a3 Bxc3+ 6. bxc3 Ne7 7. Qg4 Qc7 8. Bd3
cxd4 9. Ne2 g6 10. cxd4 Nbc6 11. Bg5 h6 12. Bf6 Rg8 13. Qf4 Bd7 14. O-O Nf5 15.
Bxf5 gxf5 16. Qxh6 Ne7 17. Nf4 Bb5 18. Rfb1 Ba4 19. Qh7 Kf8 20. Re1 Rc8 21. Re3
Ng6 22. Rg3 Qxc2 23. h4 Qc3 24. Rxc3 Rxc3 25. Nxg6+ Rxg6 26. h5 Rg8 27. h6 Rh8 1-0

[Event "World Blitz 2015"]
[Site "Berlin GER"]
[Date "2015.10.13"]
[Round "8.89"]
[White "Kulon, Klaudia"]
[Black "Hilverda, Alexander"]
[Result "1-0"]
[WhiteTitle "WGM"]
[WhiteElo "2324"]
[BlackElo "2384"]
[WhiteFideId "1131044"]
[BlackFideId "4695437"]
[EventDate "2015.10.13"]

1. e4 c5 2. Nf3 e6 3. d4 cxd4 4. Nxd4 a6 5. Bd3 Bc5 6. Nb3 Be7 7. O-O d6 8. c4
Nf6 9. Nc3 Nbd7 10. Qe2 Qc7 11. f4 b6 12. Kh1 Bb7 13. Be3 Nc5 14. Nxc5 bxc5 15.
Bf2 h5 16. h3 h4 17. Rae1 Nh5 18. Qg4 Qd8 19. Bc2 g6 20. e5 Ng3+ 21. Bxg3 hxg3
22. Bxg6 fxg6 23. Qxe6 Qc8 24. Qxg6+ Kd8 25. f5 Qc6 26. Nd5 dxe5 27. Qg7 Re8 28.
Rxe5 Rc8 29. Rfe1 Rc7 30. f6 Rd7 31. Rxe7 Rexe7 32. fxe7+ 1-0

[Event "World Blitz 2015"]
[Site "Berlin GER"]
[Date "2015.10.13"]
[Round "8.90"]
[White "Ben Artzi, Ido"]
[Black "Lagunow, Raphael"]
[Result "1-0"]
[WhiteTitle "IM"]
[WhiteElo "2419"]
[BlackElo "2164"]
[WhiteFideId "2810913"]
[BlackFideId "24652644"]
[EventDate "2015.10.13"]

1. d4 d5 2. c4 c6 3. Nf3 Nf6 4. e3 Bg4 5. Nc3 e6 6. Be2 Nbd7 7. O-O Bd6 8. b3
O-O 9. h3 Bf5 10. Bb2 dxc4 11. bxc4 e5 12. dxe5 Nxe5 13. Qb3 Qc7 14. Rfd1 Nxf3+
15. Bxf3 Be5 16. Ne2 Bxb2 17. Qxb2 Be4 18. Bxe4 Nxe4 19. Rd4 Rfe8 20. Rad1 Nf6
21. Ng3 h6 22. Nf5 Qe5 23. Nd6 Reb8 24. Nxf7 Kxf7 25. Rd7+ Nxd7 26. Rxd7+ Ke6
27. Re7+ Kxe7 28. Qxe5+ Kf7 29. Qc7+ Kg6 30. e4 Kh7 31. e5 b5 32. Qxc6 bxc4 33.
Qxc4 Re8 34. e6 Rac8 35. Qe4+ Kg8 36. f4 Re7 37. f5 Rf8 38. Qd5 Kh7 39. g4 Rc8
40. Qd3 Kh8 41. Kf2 Rec7 42. Ke1 Rc1+ 43. Kd2 Ra1 44. e7 Rxa2+ 45. Ke3 Re8 46.
Qd7 Ra3+ 47. Kf4 Rxe7 48. Qxe7 Ra4+ 49. Ke5 Ra1 50. Qd8+ Kh7 51. h4 Re1+ 52. Kf4
Rf1+ 53. Kg3 Rg1+ 54. Kf3 Rf1+ 55. Ke3 Rg1 56. g5 hxg5 57. hxg5 Re1+ 58. Kf3
Rf1+ 59. Kg4 Rg1+ 60. Kh3 Rh1+ 61. Kg2 Re1 62. g6+ Kh6 63. Qh4# 1-0

[Event "World Blitz 2015"]
[Site "Berlin GER"]
[Date "2015.10.13"]
[Round "8.91"]
[White "Stefansson, Hannes"]
[Black "Choukri, Adel"]
[Result "1-0"]
[WhiteTitle "GM"]
[BlackTitle "CM"]
[WhiteElo "2602"]
[BlackElo "2199"]
[WhiteFideId "2300087"]
[BlackFideId "9000399"]
[EventDate "2015.10.13"]

1. d4 Nf6 2. c4 g6 3. Nf3 Bg7 4. g3 O-O 5. Bg2 d6 6. O-O a6 7. Nc3 Nc6 8. Qd3
Rb8 9. h3 Bd7 10. d5 Na7 11. Be3 c5 12. a4 Qc7 13. a5 b5 14. axb6 Rxb6 15. Ra2
Rfb8 16. Bc1 Qc8 17. Kh2 Rb3 18. Nd2 R3b4 19. b3 R4b6 20. Bb2 h5 21. Rfa1 h4 22.
g4 Ne8 23. Nce4 Bxb2 24. Rxb2 Nc7 25. Rba2 Qf8 26. Qe3 Qg7 27. Qg5 Nc8 28. Qxh4
Rxb3 29. Nxb3 Rxb3 30. e3 Qe5+ 31. Qg3 Qxg3+ 32. Kxg3 Nb6 33. Nd2 Rb4 34. Bf1 e6
35. e4 f5 36. gxf5 gxf5 37. dxe6 Bxe6 38. exf5 Bxf5 39. Re1 Kf7 40. Ne4 Rb3+ 41.
f3 Bxe4 42. Rxe4 Nd7 43. Rd2 Rb6 44. h4 Ne5 45. h5 Ne6 46. h6 Ng5 47. Rh4 Kg6
48. Bd3+ Nxd3 49. Rxd3 a5 50. f4 Ne4+ 51. Kf3 Nf6 52. Rh1 a4 53. Ra1 Ra6 54.
Rad1 a3 55. Ra1 Ra4 56. Raxa3 Rxc4 57. Rxd6 Rc1 58. Raa6 Rc3+ 59. Ke2 Kf5 60.
Rxf6+ Ke4 61. Rae6+ Kd4 62. h7 Rc2+ 63. Kf3 Rh2 64. Rh6 1-0

[Event "World Blitz 2015"]
[Site "Berlin GER"]
[Date "2015.10.13"]
[Round "8.92"]
[White "Hovhannisyan, Mher"]
[Black "Wendt, Jan-Dietrich"]
[Result "0-1"]
[WhiteTitle "IM"]
[BlackTitle "FM"]
[WhiteElo "2499"]
[BlackElo "2332"]
[WhiteFideId "13300865"]
[BlackFideId "4623797"]
[EventDate "2015.10.13"]

1. e4 c5 2. c3 Nf6 3. e5 Nd5 4. d4 cxd4 5. cxd4 d6 6. exd6 e6 7. Nc3 Bxd6 8. Bd3
Nc6 9. Nf3 O-O 10. O-O Nce7 11. Re1 Bd7 12. Bxh7+ Kxh7 13. Ng5+ Kg8 14. Nce4 f6
15. Nxd6 fxg5 16. Bxg5 Qb6 17. Nc4 Qb5 18. Ne5 Be8 19. Qg4 Nf5 20. b3 Rc8 21.
Rac1 Rxc1 22. Rxc1 Qb6 23. Nf3 Bc6 24. Re1 Qb4 25. Bd2 Qd6 26. Ng5 Nf6 27. Qh3
Bd5 28. a3 Rc8 29. Bb4 Qc6 30. g4 Nh6 31. Be7 Nfxg4 32. Qg3 Qe8 33. Bc5 Qh5 34.
h4 Nf6 35. Qf4 Qg4+ 0-1

[Event "World Blitz 2015"]
[Site "Berlin GER"]
[Date "2015.10.13"]
[Round "8.93"]
[White "Camacho Collados, Jose"]
[Black "Carstensen, Jacob"]
[Result "1-0"]
[WhiteTitle "IM"]
[BlackTitle "IM"]
[WhiteElo "2383"]
[BlackElo "2352"]
[WhiteFideId "2265427"]
[BlackFideId "1404180"]
[EventDate "2015.10.13"]

1. Nf3 d5 2. g3 c6 3. Bg2 Nf6 4. O-O Bg4 5. d4 Nbd7 6. Nbd2 Qc7 7. Re1 O-O-O 8.
c4 dxc4 9. Nxc4 Bxf3 10. Bxf3 e5 11. Qa4 Kb8 12. Nxe5 Nb6 13. Qb3 Rxd4 14. Nxf7
Bb4 15. Be3 Bxe1 16. Bxd4 Rf8 17. Be5 1-0

[Event "World Blitz 2015"]
[Site "Berlin GER"]
[Date "2015.10.13"]
[Round "8.94"]
[White "Koehler, Gerhard2"]
[Black "Zepeda, Lorena"]
[Result "1-0"]
[BlackTitle "WIM"]
[WhiteElo "2173"]
[BlackElo "2106"]
[WhiteFideId "12909700"]
[BlackFideId "6700233"]
[EventDate "2015.10.13"]

1. c4 Nf6 2. Nc3 g6 3. d4 Bg7 4. e4 d6 5. Be2 O-O 6. Nf3 e5 7. O-O Nc6 8. d5 Ne7
9. Ne1 Nd7 10. Nd3 f5 11. Bd2 Nf6 12. f3 f4 13. c5 g5 14. Rc1 Rf7 15. Nb5 Ng6
16. Ba5 b6 17. cxb6 cxb6 18. Be1 h5 19. a4 g4 20. Qc2 h4 21. Nc7 Rb8 22. Ne6
Bxe6 23. dxe6 Re7 24. Nb4 gxf3 25. gxf3 Kh7 26. Nc6 Qg8 27. Nxb8 Qxb8 28. Qc8
Qxc8 29. Rxc8 Rxe6 30. Rc7 Re7 31. Rxe7 Nxe7 32. Bc3 Nc6 33. Rd1 Ne8 34. Bb5 1-0